00359nam a2200121Ia 4500008004000000020001800040082001500058100002900073245007000102260004000172300001300212650001200225210210b1991 xxu||||| |||| 00| 0 eng d a81 7100 746 5 a658.3 BHAS aBHATIA (B S) and others. aStudies in human resource development. 3V.V2-emerging dimensions. aN DbDeep & Deep Publicationsc1991 axiii,318 aH R D